| 000 | 01547cam a2200337K 4500 | ||
|---|---|---|---|
| 001 | 8026335 | ||
| 003 | ARRUPE | ||
| 005 | 20160204143846.0 | ||
| 006 | m d | ||
| 007 | cr bn||||||abp | ||
| 007 | cr bn||||||ada | ||
| 008 | 100510s1876 enka o 000 0 eng d | ||
| 035 | _a(OCoLC)ocn613219647 | ||
| 035 | _a(OCoLC)613219647 | ||
| 040 |
_aOCLCE _beng _cOCLCE _dOCLCQ |
||
| 049 | _aZCUA | ||
| 082 | 0 | 4 |
_a620.8 _bR16 |
| 100 | 1 |
_aRankine, William John Macquorn, _d1820-1872. _921876 |
|
| 245 | 1 | 0 |
_aUseful rules and tables relating to mensuration, engineering, structures, and machines _cBy William John Macquorn Rankine. |
| 250 | _a6th ed. | ||
| 260 |
_aLondon, _bC. Griffin and Co., _c1883 |
||
| 300 | _aviii, 314 p. | ||
| 506 |
_3Use copy _fRestrictions unspecified _2star _5MiAaHDL |
||
| 533 |
_aElectronic reproduction. _b[S.l.] : _cHathiTrust Digital Library, _d2010. |
||
| 538 |
_aMaster and use copy. Digital master created according to Benchmark for Faithful Digital Reproductions of Monographs and Serials, Version 1. Digital Library Federation, December 2002. _uhttp://purl.oclc.org/DLF/benchrepro0212 |
||
| 583 | 1 |
_adigitized _c2010 _hHathiTrust Digital Library _lcommitted to preserve _2pda _5MiAaHDL |
|
| 650 |
_aEngineering handbook _921877 |
||
| 700 | 1 |
_aMillar, W.J _921878 |
|
| 776 | 0 | 8 |
_iPrint version: _aRankine, William John Macquorn, 1820-1872. _tUseful rules and tables relating to mensuration, engineering, structures, and machines. _b5th ed. _dLondon, C. Griffin and Co., 1876 _w(OCoLC)5586020 |
| 942 |
_2lcc _cSPC |
||
| 999 |
_c124064 _d124064 |
||